000 00516nam a2200193Ia 4500
005 20250630115522.0
008 191130s2010##################000#0#eng##
020 _a9781848873704
_qpbk
041 _aeng
082 _a823.92 QUI
100 _aQuinn, K A S
245 _aThe queen must die
_cK A S Quinn
250 _a1st ed
260 _aLondon
_bAtlantic Books
_c2010
300 _a298 p. ; 22 cm
650 _aSupernatural -- Juvenile fiction
650 _aTime travel -- Juvenile fiction
942 _cENGLISH
999 _c66382
_d66382